UBT Library

Guide to teaching brass / (Record no. 45056)

000 -LEADER
fixed length control field 00721cam a2200229 a 4500
001 - CONTROL NUMBER
control field 4417694
005 - DATE AND TIME OF LATEST TRANSACTION
control field 20180314101924.0
008 - FIXED-LENGTH DATA ELEMENTS--GENERAL INFORMATION
fixed length control field 940131s1994 wiua b 001 0 eng
010 ## - LIBRARY OF CONGRESS CONTROL NUMBER
LC control number 93070093
020 ## - INTERNATIONAL STANDARD BOOK NUMBER
International Standard Book Number 0697125742
040 ## - CATALOGING SOURCE
Original cataloging agency DLC
Transcribing agency DLC
Modifying agency DLC
041 ## - LANGUAGE CODE
Language code of text/sound track or separate title eng
080 ## - UNIVERSAL DECIMAL CLASSIFICATION NUMBER
Universal Decimal Classification number 788.9193071 HUN
082 00 - DEWEY DECIMAL CLASSIFICATION NUMBER
Classification number 788.9193071 HUN
Edition number 20
100 1# - Rafti
Rafti 45
101 ## - Shkurtesa
Shkurtesa MUZ
245 10 - TITLE STATEMENT
Title Guide to teaching brass /
Statement of responsibility, etc Norman Hunt, Dan Bachelder.
504 ## - BIBLIOGRAPHY, ETC. NOTE
Bibliography, etc Includes bibliographical references (p. 155-156) and index.
906 ## - LOCAL DATA ELEMENT F, LDF (RLIN)
a 7
b cbc
c orignew
d 2
e opcn
f 19
g y-gencatlg
942 ## - ADDED ENTRY ELEMENTS (KOHA)
Source of classification or shelving scheme
Item type Books
Holdings
Withdrawn status Lost status Source of classification or shelving scheme Damaged status Not for loan Collection code Permanent location Current location Shelving location Date acquired Total Checkouts Full call number Barcode Date last seen Price effective from Koha item type
          Koleksioni i përgjithshem UBT - Lipjan UBT - Lipjan Koleksioni i përgjithshem 03/14/2018   788.9193071 HUN 002-3001981 03/14/2018 03/14/2018 Books
UBT Library © 2015-2024. All rights reserved University Education for Business and Technology